| 000 | 00843na a2200277 4500 | ||
|---|---|---|---|
| 001 | 15814 | ||
| 003 | MIRAKIL | ||
| 005 | 20181213154931.0 | ||
| 008 | 160929b tu 000 0 | ||
| 020 | _a9786054307616 | ||
| 035 | _a15814 | ||
| 040 |
_aMilas _btur _cTR-AnCHP |
||
| 082 |
_a956.22652 _bB81r 2010 |
||
| 090 | _a956.22652 B81r 2010 | ||
| 100 | _aBucak, Nevra | ||
| 245 |
_aRufinia'dan Çiftehavuzlar'a _cNevra Bucak; editör Rozerin Doğan |
||
| 260 |
_aİstanbul _bHeyamola yayınları _c2010 |
||
| 300 |
_a101 s. _bres. _c20 sm. |
||
| 490 |
_aHeyamola Yayınları _v154 |
||
| 651 |
_aÇiftehavuzlar (İstanbul) _xTarih |
||
| 651 |
_aÇiftehavuzlar (İstanbul) _xGezi ve tanıtım |
||
| 651 |
_aİstanbul _xKültür _yTarih |
||
| 651 |
_aİstanbul _xTarih _yGezi ve tanıtım |
||
| 700 | _aDoğan, Rozerin | ||
| 942 |
_2dcc _cBKS |
||
| 999 |
_c3417 _d3417 |
||